Normale Ansicht MARC-Ansicht ISBD

Entwurf einer Chronik des Braunkohlenbergbaues in Finkenheerd (Titelsatznr. 61040)

[ MARC ]
MARC-Details
000 -Satzkennung
Kontrollfeld mit fester Länge 00501nam a2200193 4500
001 - Kontrollnummer
Kontrollfeld 49
005 - Datum und Zeit der letzten Transaktion
Kontrollfeld 20201125170216.0
007 - Feld mit fester Länge zur physischen Beschreibung - Allgemeine Information
Kontrollfeld mit fester Länge tu
008 - Feld mit fester Länge zur physischen Beschreibung - Allgemeine Angaben
Kontrollfeld mit fester Länge s1957||||||| ger
100 1# - Haupteintragung - Personenname
Personenname Ackermann
245 00 - Titel
Titel Entwurf einer Chronik des Braunkohlenbergbaues in Finkenheerd
Verfasserangabe etc. Ackermann, Erg. von Hermann Kolb
264 ## - Produktion, Veröffentlichung, Distribution, Herstellung und Urheberrechtsvermerk
Herstellungs-, Veröffentlichungs- Vertriebs-, Erzeugungsort Finkenheerd
Datum der Herstellung, der Veröffentlichung, des Vertriebs oder des Urheberschutzvermerks 1957
300 ## - Physische Beschreibung
Umfang 268 Bl. + Fotos
365 ## - Handelspreis
Währungscode DEM
546 ## - Fußnote zur Sprache
Sprache deutsch
650 04 - Nebeneintragung unter einem Schlagwort - Sachschlagwort
Sachschlagwort oder geografischer Name als Eintragungselement Bergbau
650 04 - Nebeneintragung unter einem Schlagwort - Sachschlagwort
Sachschlagwort oder geografischer Name als Eintragungselement Finkenheerd
700 1# - Nebeneintragung - Personenname
Personenname Kolb, Hermann
Funktionsbezeichnung Erg.
Exemplare
Ausgeschieden Verloren Klassifikation oder Aufstellungssystematik Beschädigt Nicht entleihbar Heimatbibliothek Aufenthaltsbibliothek Aufstellungsort Erwerbungsdatum Kodierter Standort-Qualifier Anzahl Ausleihen Signatur Letzte Aktivität Preis gültig von Koha-Medientyp
    Andere/Generische Klassifikation     Stadtarchiv Frankfurt (Oder) | Archivbibliothek Stadtarchiv Frankfurt (Oder) | Archivbibliothek Handschriftenabteilung 25/11/2020 M   Altsignatur: HsM 4°:21 Verweis StAFF 3-808 - BA II 20084 25/11/2020 25/11/2020 Bücher